000 00608nam a2200217Ia 4500
003 OSt
005 20220928140457.0
006 a|||||r|||| 00| 0
007 ta
008 220927b |||||||| |||| 00| 0 eng d
024 _a8669
037 _cTextual
040 _aSDCL
_cSDCL
_beng
041 _2eng
_aeng
082 _aO-,3M8:g, L4
100 _aJohn Brian
_9495350
245 0 _aSupreme fictions
_b Studies in the work of William Blake, Thomas Carlyle, W B Yeats, and D H Lawrence.
260 _c1974
942 _hO-,3M8:g, L4
_cTEXL
_2CC
999 _c811524
_d811524